01223nam a2200361L 45000010006000000050017000060080041000230350024000640400016000880200015001040200018001190350021001370370090001580860025002482450042002732600061003153000034003765000036004105000027004465000044004735060027005176100023005446500028005676500035005956500037006306500031006676500023006986500030007216500027007516500031007786500026008096500026008354107820230411085956.0920305s1991 xxu r i000 0 eng d a(OCoLC)ocn153303481 aNNUNcNYDRD a9211004586 a9789211004588 a(OCoLC)153303481 a91.I.21bUnited Nations Publications, Room DC2-0853, Dept. I004, New York, N.Y. 10017 a[ST/]DPI/11342undoc00aWomen :bchallenges to the year 2000. aNew York :bUN, Department of Public Information,c1991. a96 p. :bill., graphs, table. aIncludes bibliographical notes. aUN sales no.: 91.I.21. aMaterial type: Sales publications (UN). aDistribution: General.27aUN System.2unbisn07aWOMEN'S STATUS.2unbist07aGENDER DISCRIMINATION.2unbist07aPOLITICAL PARTICIPATION.2unbist07aWOMEN IN POLITICS.2unbist07aEDUCATION.2unbist07aMATERNAL WELFARE.2unbist07aWOMEN WORKERS.2unbist07aDOMESTIC VIOLENCE.2unbist07aFOCAL POINTS.2unbist07aPUBLICATIONS.2unbist